000 00338 a2200157 4500
001 186811
020 _a
040 _cMagnum
100 _aPalombo, Antônio Sérgio
240 1 0 _aElas só falam de amor!
_lpor
245 1 0 _aElas só falam de amor!
300 _a24
362 0 _a1995
697 _aLITERATURA INFANTO
942 _cBK
999 _c186811
_d186811